|
|
|
|
| LEADER |
00000nam a22000001i 4500 |
| 001 |
vtls009667237 |
| 003 |
SK-MaSNL |
| 005 |
20260301211801.0 |
| 008 |
251029s1991 xr r 00 cze |
| 020 |
|
|
|a 8070331038
|c 49,- Kčs
|
| 035 |
|
|
|a (SVKBBclas03)vtls000044285
|
| 040 |
|
|
|a SNK
|b slo
|c SNK
|e AACR2
|
| 041 |
0 |
|
|a cze
|
| 080 |
|
|
|a 908.437.26(036)
|2 1981
|
| 245 |
0 |
0 |
|a Jeseníky
|c Mp. Zdeněk Degen, Zdeněk Stehlík; kresby Jiří Král
|
| 250 |
|
|
|a 1. vyd.
|
| 260 |
|
|
|a Praha
|b Olympia
|c 1991
|
| 300 |
|
|
|a 348 s.
|e 1. voľ. príl.
|
| 490 |
1 |
|
|a Turistický průvodce ČSFR
|v sv. 39
|
| 651 |
|
7 |
|a Jeseníky (Česko : pohorie)
|2 SNKPHgeo
|9 66068
|
| 655 |
|
7 |
|a turistickí sprievodcovia (publikácie)
|2 SNKPH
|9 191298
|
| 700 |
1 |
|
|a Degen, Zdeněk.
|4 mp.
|9 596173
|
| 700 |
1 |
|
|a Stehlík, Zdeněk,
|4 mp.
|9 596174
|
| 700 |
1 |
|
|a Král, Jiří,
|d 1893-1975
|4 kresby
|9 116216
|
| 830 |
|
0 |
|a Turistický průvodce ČSFR
|9 596175
|
| 852 |
|
|
|a Štátna vedecká knižnica v Banskej Bystrici
|
| 999 |
|
|
|c 916710
|d 918640
|
| 952 |
|
|
|t P60, <04>, [BOOK], {604}
|a SNK
|b SNK
|y VYP
|7 0
|p 17A0215562
|o snkID 92936 D1
|0 0
|1 1
|4 0
|d 1999-10-25
|l 0
|r 2005-01-01 00:00:00
|w 2026-02-24
|
| 952 |
|
|
|t P60, <04>, [BOOK], {604}
|a SNK
|b SNK
|y VYP
|7 0
|p 17A0215579
|o snkID 92936/príl. D1
|0 0
|1 1
|4 0
|d 1999-10-25
|l 0
|r 2005-01-01 00:00:00
|w 2026-02-24
|